The Supreme Court monthly review [SCMR] 2023 / (Record no. 612353)
[ view plain ]
| 000 -LEADER | |
|---|---|
| fixed length control field | 00392nam a22001217a 4500 |
| 082 ## - DEWEY DECIMAL CLASSIFICATION NUMBER | |
| Classification number | 349.54904 |
| Author Mark | SUP |
| 245 ## - TITLE STATEMENT | |
| Title | The Supreme Court monthly review [SCMR] 2023 / |
| Statement of responsibility, etc. | Edited by Muhammad Wahaj Azhar and et all |
| 260 ## - PUBLICATION, DISTRIBUTION, ETC. | |
| Place of publication, distribution, etc. | Lahore : |
| Name of publisher, distributor, etc. | Pakistan Law House, |
| Date of publication, distribution, etc. | 2023. |
| 300 ## - PHYSICAL DESCRIPTION | |
| Extent | 3 v. |
| Dimensions | 24 cm. |
| 563 ## - BINDING INFORMATION | |
| Binding note | Hardcover. |
| 650 ## - SUBJECT ADDED ENTRY--TOPICAL TERM | |
| Topical term or geographic name entry element | Law, The Supreme Court monthly review |
| 942 ## - ADDED ENTRY ELEMENTS (KOHA) | |
| Source of classification or shelving scheme | |
| Koha item type | Reference |
| 650 ## - SUBJECT ADDED ENTRY--TOPICAL TERM | |
| -- | 126986 |
| Withdrawn status | Lost status | Source of classification or shelving scheme | Damaged status | Not for loan | Permanent Location | Current Location | Shelving location | Date acquired | Serial Enumeration / chronology | Full call number | Barcode | Date last seen | Price effective from | Koha item type |
|---|---|---|---|---|---|---|---|---|---|---|---|---|---|---|
| NUST Law School (NLS) | NUST Law School (NLS) | Law | 11/28/2024 | Vol. LVI, No. 1 | 349.54904 SUP | CL-L-1391 | 11/28/2024 | 11/28/2024 | Reference | |||||
| NUST Law School (NLS) | NUST Law School (NLS) | Law | 11/28/2024 | Vol. LVI, No. 2 | 349.54904 SUP | CL-L-1392 | 11/28/2024 | 11/28/2024 | Reference | |||||
| NUST Law School (NLS) | NUST Law School (NLS) | Law | 11/28/2024 | Vol. LVI, No. 3 | 349.54904 SUP | CL-L-1393 | 11/28/2024 | 11/28/2024 | Reference |
